| 000 | 00507nam a2200181 i 4500 | ||
|---|---|---|---|
| 001 | 129461 | ||
| 003 | ES-MaACL | ||
| 005 | 20230906193514.0 | ||
| 007 | t| | ||
| 008 | 070615m19691970sp ||||1| spa d | ||
| 080 | _a27(729.1) | ||
| 100 | 1 |
_aTeste, Ismael. _9109835 |
|
| 245 | 1 | 0 |
_aHistoria eclesiƔstica de Cuba / _cIsmael Teste. |
| 260 |
_aBurgos : _bMonte Carmelo, _c1969-1970. |
||
| 300 |
_a2 v. ; _c24 cm. |
||
| 651 | 4 |
_aCuba- _xHistoria eclesiƔstica. _98108 |
|
| 852 |
_aES-MaACL _jP-1543 _bR.71252 |
||
| 999 |
_c129461 _d129461 |
||